000 00472nam a2200181Ia 4500
001 23337
005 20260414150930.0
008 260414t2014||||xx |||||||||||||| ||spa||
041 _aESP
082 _a629.8312
_bA75
100 _aArnáez Braschi, Enrique
_eAUT
245 0 _aEnfoque práctico del control moderno :
_bcon aplicaciones en Matlab
260 _c2014
300 _a316 páginas :
_c29 cm.
650 _aCNM
654 _aCCN
942 _cLIB
_dJUS
_fJUS
_2ddc
_n
999 _c23337
_d23337